000 00292nam a2200121Ia 4500
008 190216s9999||||xx |||||||||||||| ||und||
100 _aLouis P Hammett
245 0 _aPhysical Organic Chemistry
260 _bMcgraw -hill
_c1970
300 _a420p
650 _aChemistry-Chemistry
942 _cBK
999 _c2291
_d2291